00463pab a2200157 454500008004000000100002700040245009500067260000900162300001400171362000800185650001100193650002100204700002000225700003100245773002900276180718b2008 xxu||||| |||| 00| 0 eng d aPerez, Antonia Ramirez aMayors and local governing coalitions in democratic countries: a cross-national comparison c2008 ap.147-78. aApr aMayors aLocal government aClark, Terry N. aYanez, Clemente J. Navarro aLocal Government Studies